000 01640nam a22002297a 4500
008 230915s2023 xxk|||||o|||| 00| 0 eng d
041 _aeng
110 _aRoyal Institution of Chartered Surveyors
245 _aConsultation on changes to regulation of valuers and valuation firms:
_bto implement the Valuation Review
_h[Electronic resource]
260 _aLondon,
_bRoyal Institution of Chartered Surveyors,
_c12 Sep 2023
300 _a12p.
490 _aRICS Consultation
520 _aRICS have launched a consultation on proposed changes to the RICS regulatory schemes for registration of valuers and regulated firms. The aim is to implement the valuation review recommendations and strengthen the assurance regime for the valuation to future-proof practices in the public interest. The proposals in this consultation include the introduction of a Valuation Compliance Officer role within valuation firms and the creation of a register of regulated valuation firms. The document also provides information about a new Valuation Assurance Committee. Consultation open until 12th December 2023.
650 _aVALUATION
650 _aVALUATION COMPLIANCE OFFICER
651 _aInternational
690 _96273
_aValuation
710 _aRoyal Institution of Chartered Surveyors
856 _uhttps://consultations.rics.org/gf2.ti/f/1510786/178947077.1/PDF/-/Valuation%20review%20policy%20consultation%20paper%20-%20Sept%202023.pdf
_zView the consultation document on RICS.org
856 _uhttps://consultations.rics.org/regulationofvaluation/consultationHome
_zView the RICS iConsult homepage on Valuation Review
942 _n0
999 _c121665
_d121665